000 00395nam a2200145Ia 4500
008 090122s9999 xx 000 0 und d
082 _b8511
_a891.4683
100 _aकांबळे
_bसुधाकर
_cअनंत
245 _aफिरकी
600 _aकांबळे
630 _aफिरकी
700 _aकांबळे
730 _aफिरकी
942 _cBOOK
999 _c32588
_d32588